| 000 | 00622nam a22001937a 4500 | ||
|---|---|---|---|
| 999 |
_c10868 _d10868 |
||
| 008 | 180925b ||||| |||| 00| 0 eng d | ||
| 020 | _a978-1-63549-618-5 | ||
| 082 |
_22017 _aDC 641.22 _bH367 |
||
| 100 |
_aHeller, Adam. _931616 |
||
| 245 |
_aWine making, tasting and selecting / _cAdam Heller |
||
| 260 |
_aNew York : _bLarsen & Keller Education, _c©2017. |
||
| 300 |
_avi, 253 pages : _bcolor illustrations ; _c27 cm. |
||
| 500 | _aIncludes index. | ||
| 650 |
_aWine and wine making. _931617 |
||
| 650 |
_aWine tasting. _931618 |
||
| 650 |
_aWine -- Storage. _931619 |
||
| 365 |
_b5,815.00 _cPhp. |
||
| 942 |
_2ddc _cDC |
||